00643nam a2200241 a 4500001001300000003000900013005001700022008004100039020001000080082001300090100002100103245003700124260002800161300000900189500003500198505001000233650001300243700002100256902000800277942000700285952009400292999001500386nice12345678IN_TiNIC20260116012610.0050524s1968 lona grp 000 0 eng  ac10000a200bRIC aRichardson, Alan aReligion in Contemporary Debate. aLondonbSCM Pressc1968 a120p aincludes index and biblioraphy2 aIndex aReligion1 aRichardson, Alan bSRS cBK 00104070aHMIbHMId2008-01-11g100.00l0o200 RICp010271r2008-01-11w2026-01-16yEB c7610d7610